| 000 | 01010nam a22003137a 4500 | ||
|---|---|---|---|
| 001 | BR8004199 | ||
| 003 | BR-BrBNA | ||
| 005 | 20230928090643.0 | ||
| 007 | ta | ||
| 008 | 230509b bl.||||| |||| 00| 0 por d | ||
| 040 |
_aBR-BrBNA _bpor _cBiblioteca Nacional de Agricultura |
||
| 041 | _a(Por) | ||
| 072 |
_aE15; E70 _b0336 _b3575 _b/G514 |
||
| 090 | _ 0336 BR8004199 | ||
| 100 | 1 | _aMachuca Neto, M. | |
| 110 | 1 |
_aEscola Superior de Agricultura de Lavras, MG (Brasil) _0Tese (Magister Scientiae) |
|
| 245 | 1 | _aCustos de producao, processamento e comercializacao de sementes de soja (Glycine max (L.)Merril)no municipio de Ponta Grossa Parana, safra 1978/79 [Brasil] | |
| 260 | 3 |
_aLavras, MG (Brasil): _c1980. |
|
| 300 | _a76 p. | ||
| 500 | _a33 illus.; 25 ref.; Summaries (Eng, Por) | ||
| 650 | _aSOJA | ||
| 650 | _aSEMENTE | ||
| 650 | _aANALISE ECONOMICA | ||
| 650 | _aCUSTO DE PRODUCAO | ||
| 650 | _aPONTA GROSSA | ||
| 650 | _aPARANA | ||
| 909 |
_a202309 _bLucia _c55 _dLucia Elande |
||
| 942 | _cBK | ||
| 999 |
_c29851 _d29851 |
||